Countries of the world by picture - N and O - Statistics

General Stats
  • This quiz has been taken 23 times
  • The average score is 11 of 12
Answer Stats
Picture Answer % Correct
Nepal
100%
Netherlands
96%
Nauru
91%
Niger
91%
North Korea
91%
Norway
91%
Oman
91%
Namibia
87%
Nigeria
87%
North Macedonia
87%
Nicaragua
83%
New Zealand
74%
No matching quizzes found
Score Distribution
Percent of People with Each Score
Percentile by Number Answered
Your Score History
You have not taken this quiz